00567nam a22001697a 450000500170000001000150001702000270003203500140005903700130007308200110008610000220009724500770011926000450019627000680024130000410030950000470035020200921125714.0 aENG-128442 c1195.00a9780199468119 aEN-111974 bDBAD/PUB a954.51 aSaikia, Arupjyoti aThe Unquiet River:bA Biography of the Brahmaputra/cby Arupjyoti Saikia aNew DelhibOxford University Pressc2019 a22 Workspace, 2nd Floor, I/22 Asaf Ali Road,bNew Delhie110002 axxi;583p.c23cm(pbk)bPictures, Maps aContains Bibliography, Afterword and Index